000 00446nam a2200157 i 4500
001 87758
003 ES-MaACL
005 20230906175732.0
007 t|
008 041223s1943 sp ||||1| spa d
100 1 _aLaborda, Clemencia.
_969244
245 1 0 _aJardines bajo la lluvia /
_cClemencia Laborda.
260 _aMadrid :
_b[s.n.,
_c1943] (
_fAfrodisio Aguado)
300 _a116 p., 1 lám. ;
_c22 cm.
852 _aES-MaACL
_jD-7797
_bR.30111
999 _c87758
_d87758